Multilingual learning: assessment, ideologies and policies in sub-Saharan Africa / (Record no. 51891)

MARC details
000 -LEADER
fixed length control field 00743nam a2200253Ia 4500
005 - DATE AND TIME OF LATEST TRANSACTION
control field 20260429112019.0
008 - FIXED-LENGTH DATA ELEMENTS--GENERAL INFORMATION
fixed length control field 260429s9999||||xx |||||||||||||| ||und||
020 ## - INTERNATIONAL STANDARD BOOK NUMBER
International Standard Book Number 9781032329772
041 ## - LANGUAGE CODE
Language English
082 ## - DEWEY DECIMAL CLASSIFICATION NUMBER
Classification number 370.117
Item number REI
100 ## - MAIN ENTRY--PERSONAL NAME
Personal name Reilly, Colin
245 #0 - TITLE STATEMENT
Title Multilingual learning: assessment, ideologies and policies in sub-Saharan Africa /
Statement of responsibility, etc Colin Reilly
250 ## - EDITION STATEMENT
Edition statement 1st ed.
260 ## - PUBLICATION, DISTRIBUTION, ETC. (IMPRINT)
Place of publication, distribution, etc New Delhi :
Name of publisher, distributor, etc Routledge,
Date of publication, distribution, etc 2024.
300 ## - PHYSICAL DESCRIPTION
Extent xvii, 282 p.; hb
650 ## - SUBJECT ADDED ENTRY--TOPICAL TERM
Topical term or geographic name as entry element Educational policy
650 ## - SUBJECT ADDED ENTRY--TOPICAL TERM
Topical term or geographic name as entry element Language assessment
650 ## - SUBJECT ADDED ENTRY--TOPICAL TERM
Topical term or geographic name as entry element Multilingual education
700 ## - ADDED ENTRY--PERSONAL NAME
Personal name Chimbutane, Feliciano
700 ## - ADDED ENTRY--PERSONAL NAME
Personal name Clegg, John
700 ## - ADDED ENTRY--PERSONAL NAME
Personal name Erling, Elizabeth J
700 ## - ADDED ENTRY--PERSONAL NAME
Personal name Rubagumya, Casmir M.
942 ## - ADDED ENTRY ELEMENTS (KOHA)
Koha item type Text Books
Holdings
Withdrawn status Lost status Damaged status Not for loan Collection code Home library Location Shelving location Date of Cataloging Source of acquisition Total Checkouts Full call number Barcode Date last seen Price effective from Koha item type
        Non-fiction CUTN Central Library CUTN Central Library Social Sciences 29/04/2026 SansRack Publishing Solutions, Chennai - Invoice No. S131/25-26 on 11-02-2026   370.117 REI 56930 29/04/2026 29/04/2026 Text Books